| 000 | 00351nam a2200133Ia 4500 | ||
|---|---|---|---|
| 008 | 240624s9999 xx 000 0 und d | ||
| 041 | _aeng | ||
| 082 | _a174.4 HAR | ||
| 100 | _aHARTLEY ROBERT F | ||
| 245 | _aBUSINESS ETHICS VIOLATIONS OF THE PUBLIC | ||
| 260 |
_c1993 _aNew York _bJohn Wiley & Sons |
||
| 300 | _a324 : p. : cm. ; 22 | ||
| 365 |
_c _b28 |
||
| 999 |
_c22747 _d22747 |
||